Anne Of Green Gables-Characters - Statistics

General Stats
  • This quiz has been taken 185 times
  • The average score is 28 of 69
Answer Stats
Hint Answer % Correct
Shirley Anne
100%
Blythe Di
96%
Cuthbert Marilla
96%
Barry Diana
95%
Blythe Gilbert
91%
Cuthbert Mathew
89%
Lynde Rachel
89%
Pye Josie
87%
Gillis Ruby
86%
Sloane Charlie
74%
Andrews Jane
74%
Shirley Walter
71%
Blythe Walter
71%
Shirley Bertha
67%
Lynde Thomas
62%
Blythe Rilla
57%
Wright Fred
53%
Stacy Muriel
52%
Blythe Nan
52%
Irving Paul
52%
Blythe Shirley
51%
Barry Minnie May
50%
Andrews Prissy
50%
Blythe Jem
49%
Blythe John
49%
Meredith John
49%
Keith Mary
45%
Vance Mary
45%
Andrews Billy
43%
Keith Dora
43%
Keith Davy
42%
Barry Josephine
39%
Blythe Joy
39%
Meredith Jerry
35%
Moore Leslie
33%
Boyd Jim
31%
Barry Eliza
30%
Meredith Faith
30%
Baker Susan
29%
Meredith Una
29%
Gardner Royal
28%
Pye Gertie
27%
Lewis Lavender
27%
Meredith Carl
26%
Ford Owen
25%
Gordon Phillipa
25%
Maynard Stella
24%
Wright Anne Cordelia
23%
The Fourth Charlotta
23%
Moore George
23%
West Rosemary
23%
Irving Stephen
23%
Wright Jack
20%
Moore Dick
19%
Wright Fred Jr.
19%
Boulter Tillie
18%
West Ellen
17%
Pye Anthony
15%
Blake Jonas
15%
Elliot Marshall
15%
Gardner Dorothy
14%
Blewett Nettie
12%
Sloane Carrie
11%
Meredith Cecilia
11%
Gray Hester
5%
Maynard Jamesia
4%
Ford Kenith
2%
Sloane Silas
2%
Ford Persia
1%
No matching quizzes found
Score Distribution
Percent of People with Each Score
Percentile by Number Answered
Your Score History
You have not taken this quiz